00670nam a2200169Ia 4500008004100000020001800041041000800059082001800067100002700085245011400112250000600226260006500232300001200297650003600309999001900345952013600364210716s2018 xx 000 0 und d a9789352136926 aeng a621.3821 NAHV aNahavandipoor, Vandad. aIOS 11 swift programming cookbook: solutions and examples for iOS apps.bSolutions and examples for iOS apps. a1 aNew DelhibShroff Publishers and Distributors Pvt Ltdc2018 axvi,628 aCommunication Network(621.3821) c196942d196942 001040708MCAaAIMITbAIMITeShroff Publishersg1750.00l0o621.3821 NAHVpMCA16457r2025-07-21 00:00:00v1312.50w2021-07-16yBK